[Event "Sachsen-Anhalt-ch Seniors 24th"]
[Site "Halberstadt"]
[Date "2016.05.31"]
[Round "3"]
[White "Knobling, Rolf"]
[Black "Manthey, Wolfgang"]
[Result "1-0"]
[WhiteElo "1588"]
[BlackElo "1810"]
[PlyCount "124"]
[EventDate "2016.05.29"]
[EventType "swiss"]
[EventRounds "7"]
[EventCountry "GER"]
[SourceTitle "EXT 2019"]
[Source "ChessBase"]
[SourceDate "2018.10.10"]
[SourceVersion "1"]
[SourceVersionDate "2018.10.10"]
[SourceQuality "1"]

1. e4 d5 2. exd5 Qxd5 3. Nc3 Qd6 4. d4 Nf6 5. Bg5 a6 6. Nf3 Nc6 7. Be2 Bg4 8. Be3 0-0-0 9. Ng5 Be6 10. Nf3 h6 11. Qd2 g5 12. h3 Bg7 13. 0-0-0 Nd5 14. Ne4 Qb4 15. Qxb4 Ncxb4 16. a3 Nxe3 17. fxe3 Nd5 18. Rd3 f5 19. Nc5 Bf7 20. c4 Nb6 21. Rc3 f4 22. Ne5 Bxe5 23. dxe5 fxe3 24. b3 Rd4 25. Rxe3 Rhd8 26. e6 Bg6 27. g4 Rd2 28. Ne4 Bxe4 29. Rxe4 Ra2 30. a4 Rdd2 31. Bd1 Rf2 32. Kb1 c6 33. Re3 Rfb2+ 34. Kc1 Rxb3 35. Rxb3 Nxc4 36. Rb1 b5 37. Bb3 Ra3 38. Re1 Na5 39. Kc2 Nb7 40. axb5 axb5 41. Ra1 Rxa1 42. Rxa1 Kc7 43. Rh1 c5 44. Bd5 Nd8 45. h4 Kd6 46. Bf3 Nxe6 47. hxg5 hxg5 48. Rh6 Ke5 49. Bd1 Nd4+ 50. Kc3 e6 51. Rh1 Kd5 52. Rh5 b4+ 53. Kd2 c4 54. Rxg5+ e5 55. Rg8 e4 56. Rd8+ Ke5 57. Ke3 Ne6 58. Re8 b3 59. Rxe6+ Kxe6 60. Kd4 b2 61. Bc2 e3 62. Kxe3 Ke5 1-0

[Event "Schleswig Holstein-ch Seniors op 9th"]
[Site "Buesum"]
[Date "2015.09.30"]
[Round "3"]
[White "Manthey, Wolfgang"]
[Black "Kierzek, Mira"]
[Result "0-1"]
[WhiteElo "1780"]
[BlackElo "2054"]
[PlyCount "120"]
[EventDate "2015.09.28"]
[EventType "swiss"]
[EventRounds "9"]
[EventCountry "GER"]
[SourceTitle "EXT 2018"]
[Source "ChessBase"]
[SourceDate "2017.10.13"]
[SourceVersion "1"]
[SourceVersionDate "2017.10.13"]
[SourceQuality "1"]

1. g3 Nf6 2. Bg2 c5 3. Nf3 Nc6 4. 0-0 g6 5. d3 Bg7 6. Nbd2 0-0 7. Re1 d6 8. c3 Qc7 9. e4 Rb8 10. Nf1 b5 11. d4 e5 12. d5 Ne7 13. Ng5 h6 14. Nh3 c4 15. Kh1 Nd7 16. f3 Kh7 17. g4 Nc5 18. Nf2 f5 19. gxf5 gxf5 20. Ng3 f4 21. Nh5 Bh8 22. Rg1 Ng8 23. Bh3 Nd3 24. Nxd3 Bxh3 25. Ndxf4 exf4 26. Nxf4 Bc8 27. Nh5 Qf7 28. f4 Nf6 29. Nxf6+ Bxf6 30. Qc2 Qh5 31. Bd2 Kh8 32. f5 Be5 33. Rg2 Bd7 34. Be3 Rg8 35. Rag1 a6 36. Qd2 Kh7 37. Rg6 Rxg6 38. Rxg6 Qf3+ 39. Kg1 Rg8 40. Rxg8 Kxg8 41. Qg2+ Qxg2+ 42. Kxg2 Kh7 43. Bd4 Bf4 44. h4 Bc1 45. b3 cxb3 46. axb3 a5 47. c4 bxc4 48. bxc4 Ba3 49. Kf3 Ba4 50. Ke3 Bc2 51. h5 Bd1 52. e5 dxe5 53. Bxe5 Bxh5 54. Bc7 Bc5+ 55. Ke4 a4 56. d6 Be8 57. Kd5 Bb4 58. Ke6 a3 59. d7 Bxd7+ 60. Kxd7 Bc3 0-1

[Event "GER-chA Seniors 27th"]
[Site "Magdeburg"]
[Date "2015.08.23"]
[Round "9"]
[White "Manthey, Wolfgang"]
[Black "Nauschuetz, Ernst"]
[Result "0-1"]
[WhiteElo "1833"]
[BlackElo "2028"]
[PlyCount "124"]
[EventDate "2015.08.15"]
[EventType "swiss"]
[EventRounds "9"]
[EventCountry "GER"]
[SourceTitle "EXT 2018"]
[Source "ChessBase"]
[SourceDate "2017.10.13"]
[SourceVersion "1"]
[SourceVersionDate "2017.10.13"]
[SourceQuality "1"]

1. g3 Nf6 2. Bg2 c5 3. c4 Nc6 4. Nf3 g6 5. b3 Bg7 6. Bb2 0-0 7. 0-0 d6 8. Nc3 Bf5 9. d3 a6 10. a3 Rb8 11. h3 h5 12. e4 Bd7 13. Re1 e5 14. Ne2 Nh7 15. Nh4 Bf6 16. Nf3 b5 17. Bc1 Bg7 18. Nh4 Ne7 19. Ra2 g5 20. Nf3 Ng6 21. Nh2 Qc8 22. Nc3 Bxh3 23. Qxh5 g4 24. Nd5 bxc4 25. bxc4 Rb3 26. Bxh3 gxh3 27. Ng4 Rxd3 28. Nh6+ Bxh6 29. Bxh6 Re8 30. Bg5 Re6 31. Qg4 Qb7 32. Raa1 Nxg5 33. Qxg5 Kg7 34. Qg4 Rd2 35. Qxh3 Qb2 36. Rab1 Qd4 37. Re3 Qxc4 38. Rf3 Qxe4 39. Rxf7+ Kxf7 40. Qh7+ Kf8 41. Rb8+ Re8 42. Qh6+ Kf7 43. Rb7+ Ke6 44. Nc7+ Kd7 45. Qxd2 Qxb7 46. Nxe8 Kxe8 47. Qxd6 Qf7 48. Qxc5 Qb3 49. Kg2 Qb5 50. Qxb5+ axb5 51. Kf3 Kf7 52. Ke4 Ke6 53. f4 exf4 54. gxf4 Nh4 55. Kd4 Kd6 56. Kc3 Kc5 57. Kb3 Nf5 58. a4 Nd4+ 59. Ka3 b4+ 60. Kb2 Kb6 61. f5 Nxf5 62. Kb3 Kc5 0-1

[Event "GER-chA Seniors 27th"]
[Site "Magdeburg"]
[Date "2015.08.18"]
[Round "4"]
[White "Andersen, Knut"]
[Black "Manthey, Wolfgang"]
[Result "1-0"]
[WhiteElo "2087"]
[BlackElo "1833"]
[PlyCount "99"]
[EventDate "2015.08.15"]
[EventType "swiss"]
[EventRounds "9"]
[EventCountry "GER"]
[SourceTitle "EXT 2018"]
[Source "ChessBase"]
[SourceDate "2017.10.13"]
[SourceVersion "1"]
[SourceVersionDate "2017.10.13"]
[SourceQuality "1"]

1. d4 Nf6 2. g3 g6 3. Bg2 Bg7 4. e4 d6 5. Ne2 0-0 6. 0-0 e5 7. Nbc3 Nc6 8. d5 Ne7 9. a4 Nd7 10. Be3 f5 11. f3 Nf6 12. Qd2 fxe4 13. fxe4 Ng4 14. Bg5 h6 15. Bxe7 Qxe7 16. Rxf8+ Bxf8 17. h3 Nf6 18. g4 Nh7 19. Rf1 Bd7 20. Qd3 Bg7 21. Nb5 Bxb5 22. Qxb5 Rb8 23. a5 a6 24. Qc4 Bf6 25. b4 Bg5 26. Qd3 Rf8 27. c4 Rxf1+ 28. Bxf1 Bh4 29. b5 Qf6 30. Qe3 g5 31. bxa6 bxa6 32. Nc1 Qf4 33. Qxf4 gxf4 34. c5 Be1 35. Nb3 Ng5 36. cxd6 cxd6 37. Bxa6 Nxe4 38. Bd3 Nf6 39. Bb5 Ne4 40. a6 Bf2+ 41. Kg2 Bb6 42. Na5 Nc5 43. Nc4 Ba7 44. Nxd6 e4 45. Nc8 f3+ 46. Kf1 Nxa6 47. Nxa7 Nc5 48. Nc6 e3 49. Nd4 f2 50. Nf5 1-0

[Event "Sachsen-Anhalt-ch Seniors 23rd"]
[Site "Halberstadt"]
[Date "2015.06.06"]
[Round "7"]
[White "Manthey, Wolfgang"]
[Black "Gehrmann, Rudolf Rainer"]
[Result "1-0"]
[WhiteElo "1637"]
[BlackElo "1964"]
[PlyCount "43"]
[EventDate "2015.05.31"]
[EventType "swiss"]
[EventRounds "7"]
[EventCountry "GER"]
[SourceTitle "EXT 2018"]
[Source "ChessBase"]
[SourceDate "2017.10.13"]
[SourceVersion "1"]
[SourceVersionDate "2017.10.13"]
[SourceQuality "1"]

1. g3 d5 2. d4 c6 3. Bg2 Nd7 4. Nf3 g6 5. b3 Bg7 6. Bb2 Ngf6 7. 0-0 0-0 8. Nbd2 Qc7 9. Re1 e5 10. dxe5 Ng4 11. h3 Ngxe5 12. Nxe5 Nxe5 13. e4 dxe4 14. Nxe4 Nf3+ 15. Qxf3 Bxb2 16. Rab1 Bg7 17. Nf6+ Kh8 18. Ne8 Qa5 19. Nxg7 Kxg7 20. b4 Qxa2 21. Qc3+ Kg8 22. Ra1 1-0

[Event "Sachsen-Anhalt-ch Seniors 23rd"]
[Site "Halberstadt"]
[Date "2015.06.04"]
[Round "5"]
[White "Walther, Joachim"]
[Black "Manthey, Wolfgang"]
[Result "1-0"]
[WhiteElo "1769"]
[BlackElo "1637"]
[PlyCount "103"]
[EventDate "2015.05.31"]
[EventType "swiss"]
[EventRounds "7"]
[EventCountry "GER"]
[SourceTitle "EXT 2018"]
[Source "ChessBase"]
[SourceDate "2017.10.13"]
[SourceVersion "1"]
[SourceVersionDate "2017.10.13"]
[SourceQuality "1"]

1. d4 Nf6 2. c4 g6 3. Nc3 Bg7 4. e4 d6 5. f3 0-0 6. Be3 e5 7. Nge2 b5 8. cxb5 a6 9. dxe5 dxe5 10. Qxd8 Rxd8 11. bxa6 Bxa6 12. Nc1 Bxf1 13. Rxf1 Nc6 14. Rf2 Nd4 15. Bxd4 exd4 16. Nb5 c6 17. Na3 d3 18. Rd2 Nxe4 19. fxe4 Rxa3 20. bxa3 Bxa1 21. Rxd3 Ra8 22. Rb3 c5 23. Kd1 c4 24. Rb4 Rc8 25. Kc2 Be5 26. g3 h5 27. a4 h4 28. Ne2 f5 29. Rb5 Re8 30. Rc5 hxg3 31. hxg3 c3 32. Rc6 fxe4 33. a5 Kf7 34. a6 e3 35. a7 Ra8 36. Ra6 Ke7 37. Kd3 Bd6 38. Nxc3 Bc5 39. Nd5+ Kf7 40. Ke2 Rxa7 41. Rxa7+ Bxa7 42. Nxe3 Bc5 43. Kd3 Ke6 44. Ke4 Bd6 45. g4 Kf6 46. a4 Bc5 47. a5 Kg5 48. a6 Ba7 49. Kf3 Kf6 50. Nd5+ Ke5 51. Nc7 Bb6 52. Nb5 1-0

[Event "Sachsen-Anhalt-ch Seniors 23rd"]
[Site "Halberstadt"]
[Date "2015.06.03"]
[Round "4"]
[White "Manthey, Wolfgang"]
[Black "Geisler, Reinhard"]
[Result "1/2-1/2"]
[WhiteElo "1637"]
[BlackElo "1721"]
[PlyCount "71"]
[EventDate "2015.05.31"]
[EventType "swiss"]
[EventRounds "7"]
[EventCountry "GER"]
[SourceTitle "EXT 2018"]
[Source "ChessBase"]
[SourceDate "2017.10.13"]
[SourceVersion "1"]
[SourceVersionDate "2017.10.13"]
[SourceQuality "1"]

1. d4 Nf6 2. Nf3 e6 3. e3 b6 4. Bd3 Bb7 5. Nbd2 c5 6. b3 d6 7. Bb2 Be7 8. 0-0 0-0 9. c4 Nc6 10. a3 Re8 11. Qc2 g6 12. e4 cxd4 13. Nxd4 Rc8 14. Qd1 d5 15. Nxc6 Bxc6 16. Qe2 Bf8 17. Rad1 Bg7 18. e5 Nd7 19. f4 Qc7 20. h4 f5 21. Rc1 Qb8 22. b4 a5 23. Nb3 axb4 24. axb4 Bf8 25. c5 bxc5 26. Nxc5 Qb6 27. Kh1 Nxc5 28. bxc5 Bxc5 29. Rb1 Qd8 30. Qe1 Be7 31. g3 d4+ 32. Kh2 Qd5 33. Qe2 Ba8 34. Ra1 Rc7 35. Ra4 Rd8 36. Rxd4 1/2-1/2

[Event "Sachsen-Anhalt-ch Seniors 23rd"]
[Site "Halberstadt"]
[Date "2015.06.01"]
[Round "2"]
[White "Breitfeld, Joachim"]
[Black "Manthey, Wolfgang"]
[Result "1-0"]
[WhiteElo "1861"]
[BlackElo "1637"]
[PlyCount "85"]
[EventDate "2015.05.31"]
[EventType "swiss"]
[EventRounds "7"]
[EventCountry "GER"]
[SourceTitle "EXT 2018"]
[Source "ChessBase"]
[SourceDate "2017.10.13"]
[SourceVersion "1"]
[SourceVersionDate "2017.10.13"]
[SourceQuality "1"]

1. b4 d5 2. Bb2 Bg4 3. d4 e6 4. b5 Nf6 5. h3 Bh5 6. Nf3 Bxf3 7. exf3 Bd6 8. Bd3 Nh5 9. Bc1 Qf6 10. c3 Nf4 11. Bxf4 Bxf4 12. 0-0 0-0 13. Re1 Nd7 14. g3 Bd6 15. f4 Qh6 16. Bf1 Nf6 17. Nd2 Qg6 18. Kh2 h5 19. Qb1 Qh6 20. Qd3 h4 21. Kg2 hxg3 22. fxg3 Nh5 23. Kg1 g5 24. fxg5 Qxg5 25. g4 Qf4 26. Nf3 Qg3+ 27. Kh1 Nf4 28. Qe3 Nxh3 29. Re2 Bf4 30. Rg2 Bxe3 31. Rxg3 Nf2+ 32. Kg2 Ne4 33. Rh3 Kg7 34. Ne5 Rh8 35. Rxe3 Rh4 36. Be2 Rah8 37. Bf3 Rh2+ 38. Kg1 Ng5 39. Bg2 f6 40. Nf3 Nxf3+ 41. Rxf3 R2h4 42. Raf1 R8h6 43. g5 1-0